header

Measuring access to learning opportunities (Record no. 170478)

MARC details
000 -LEADER
fixed length control field 01714nam a22003494a 4500
082 04 - DEWEY DECIMAL CLASSIFICATION NUMBER
Classification number 379.2/6/0973
245 10 - TITLE STATEMENT
Title Measuring access to learning opportunities
260 ## - PUBLICATION, DISTRIBUTION, ETC. (IMPRINT)
Place of publication Washington, D.C. :
Name of publisher National Academies Press,
Year of publication c2003.
300 ## - PHYSICAL DESCRIPTION
Number of Pages xi, 131 p. :
Other physical details ill.
500 ## - GENERAL NOTE
General note "Center for Education and Committee on National Statistics, Division of Behavioral and Social Sciences and Education, National Research Council of the National Academies."
650 #0 - SUBJECT ADDED ENTRY--TOPICAL TERM
Topical Term Educational equalization
Topical Term Minority students
Topical Term Educational surveys
700 1# - ADDED ENTRY--PERSONAL NAME
Personal name Hawley, Willis D.
Personal name Ready, Timothy.
856 40 - ELECTRONIC LOCATION AND ACCESS
Uniform Resource Identifier http://site.ebrary.com/lib/rucke/Doc?id=10051685

No items available.

© 2026 Rongo University
Contact us: librarian | system librarian | Rongo university